000 00878nam a2200277 a 4500
003 OSt
005 20260530115316.0
008 260506b1999 nyua|||| |||| 00| 0 eng d
040 _aICI
_bspa
_cICI
041 _aeng
050 _aTX911.3.M27
_bP44 1999
100 _aPegler, Martin M. ;
_eautor
_933687
245 _aEntertainment dining /
_cMartin M. Pegler
260 _aNew York :
_bVisual Reference Publications,
_c1999.
300 _a176 páginas :
336 _2rdacontent
_atexto
337 _2rdamedia
_asin medio
338 _2rdacarrier
_avolumen
502 _aIncluye indice
650 _aRestaurantes
_xDiseño y construcción
650 _aRestaurantes temáticos
_933689
650 _aIndustria restaurantera
_xAdministración
_933690
650 _aServicios de alimentos
_933691
650 _aDiseño de interiores comerciales
_933692
942 _2lcc
_n1
_cBK
999 _c13590
_d13590